000 00791nam a2200229 i 4500
001 21974
003 ES-MaACL
007 t|
008 021128s1985 sp ||||1| spa d
020 _a84-282-0747-X
100 1 _aAlexopoulos, Constantine J.
_919791
245 1 0 _aIntroducción a la micología /
_cConstantine J. Alexopoulos, Charles W. Mims ; ilustraciones Sung-Huang Sun y Raymond W. Scheetz ; traducido por Xavier Llimona Pagés.
260 _aBarcelona :
_bOmega,
_c1985.
300 _aXX, 638 p. :
_bil. ;
_c26 cm.
500 _aIndices.
504 _aBibliografía.
700 1 _aMims, Charles W.
_981304
700 1 _aSun, Sung-Huang.
_9108779
700 1 _aScheetz, Raymond W.
_9104263
700 1 _aLlimona Pagés, Xavier.
_972781
852 _aES-MaACL
_jL-8905
_bR.110631
999 _c21974
_d21974